000 004250000a22001450004500
090 _aAR
_b02768
245 1 0 _aContinental affiliations of the moss flora of hispaniola
650 1 4 _aBotánica
_9361
650 1 4 _aMusgos
_996173
650 1 4 _aDistribución geográfica
_992997
041 0 _aInglés
100 1 _aCampbell Steere, William
_996142
942 _cARTICULO
773 1 _tJourn. Hattori Bot. Lab.
_31314
_h56
_q19-20
_d1984
999 _c11829
_d11829